Τα ελληνικά συντάγματα 1822-1952 : η συνταγματική ιστορία της Ελλάδος
Αποθηκεύτηκε σε:
| Κύριος συγγραφέας: | |
|---|---|
| Άλλοι συγγραφείς: | |
| Μορφή: | Βιβλίο |
| Γλώσσα: | Greek |
| Δημοσίευση: |
Αθήνα :
Στοχαστής,
1972.
|
| Θέματα: | |
| Ετικέτες: |
Προσθήκη ετικέτας
Δεν υπάρχουν, Καταχωρήστε ετικέτα πρώτοι!
|
MARC
| LEADER | 00000cam a2200000 a 4500 | ||
|---|---|---|---|
| 001 | 1/124757 | ||
| 008 | 220505s1972####gr ||||||| |||| ||gre|| | ||
| 040 | |a GR-MyUa |b gre |c GR-MyUa |e AACR2 | ||
| 041 | 0 | |a gre | |
| 082 | 7 | |a 342.495 |2 (23) | |
| 100 | 1 | |a Σβώλος, Αλέξανδρος Ι., |d 1892-1956. | |
| 245 | 1 | 3 | |a Τα ελληνικά συντάγματα 1822-1952 : |b η συνταγματική ιστορία της Ελλάδος / |c Αλεξάνδρου Σβώλου ; εισαγωγή-επιμέλεια Λουκάς Αξελός. |
| 260 | |a Αθήνα : |b Στοχαστής, |c 1972. | ||
| 300 | |a 243 σ. ; |c 21 εκ. | ||
| 650 | 0 | |a Constitutional history |z Greece. | |
| 700 | 1 | |a Αξελός, Λουκάς, |d 1947- | |
| 852 | |a INST |b LESVOS |e 20220505 |h 342.495 ΣΒΩ |p 005100064361 |q 005100064361 |t BK |y 0 | ||
| 970 | |a Δημάκη |b Μαρία |z 05-05-2022 | ||